Grey's Anatomy Characters by Nicknames - Statistics

General Stats
  • This quiz has been taken 12,795 times
  • The average score is 9 of 10
Answer Stats
Hint Answer % Correct
Brain Butcher; McDreamy Derek
98%
McSteamy; McSexy Mark
97%
Death; Twisted Sister; Medusa Meredith
96%
007 George
95%
Dr. Evil Spawn; Frat Boy Alex
94%
Nazi; BCB Miranda
92%
Chief Richard
91%
Three; Little Grey; Alexopedia Lexie
89%
Dr. Model; Cricket; Patient X; Bethany Whisper Izzie
82%
Queen of Passive Agressiva; She-Shepherd Addison
78%
No matching quizzes found
Score Distribution
Percent of People with Each Score
Percentile by Number Answered
Your Score History
You have not taken this quiz